00549nam a2200145Ia 4500008004100000050002300041100002100064245005500085260008600140300002100226521001200247942000700259999001900266952011800285140724s9999 xx 000 0 und d aTX 911b.On59 2012 aOñate, Marc C. 4aThe Palm Garden Boutique Hotel /cMarc C. Oñate. aLas Piñas, Philippines :bSouthville International School and Colleges,cc2012. a145 p. :c28 cm. aTourism cTH c229063d229063 001040aCLbCLcTHESESd2014-07-24l1oTX 911 .On59 2012pT0417r2018-05-15 00:00:00s2016-02-04w2014-07-24yTH